000 01081pam a2200313 a 4500
001 3051305
003 OSt
005 20170105102842.0
008 960603s1996 inu b 000 0 eng
010 _a 96009317
020 _a0872203409 (cloth : alk. paper)
020 _a0872203395 (pbk. : alk. paper)
040 _aDLC
_cDLC
_dDLC
041 1 _aeng
_hgre
050 0 0 _aB407
_b.A26 1996
082 0 0 _a185
_220
100 0 _aAristotle.
240 1 0 _aWorks.
_kSelections.
_lEnglish.
_f1996
245 1 0 _aAristotle :
_bintroductory readings /
_ctranslated with introduction, notes, and glossary by Terence Irwin and Gail Fine.
260 _aIndianapolis, Ind. :
_bHackett Pub.,
_cc1996.
300 _axvii, 359 p. ;
_c22 cm.
504 _aIncludes bibliographical references (p. 357-359).
650 0 _aPhilosophy
_xEarly works to 1800.
700 1 _aIrwin, Terence.
700 1 _aFine, Gail.
906 _a7
_bcbc
_corignew
_d1
_eocip
_f19
_gy-gencatlg
942 _2ddc
_cBK
999 _c13890
_d13890